Manager Magazin Wirtschaft aus erster Hand

Obchodno-ekonomické témy a exkluzívne informácie z pohľadu manažérov, ekonómov a riadiacich pracovníkov.

Salvato in:
Dettagli Bibliografici
Natura: Periodico
Lingua:tedesco
Pubblicazione: Hamburg Verlagsgesellschaft
Soggetti:
Tags: Aggiungi Tag
Nessun Tag, puoi essere il primo ad aggiungerne!!

MARC

LEADER 00000nas1a22000001 4500
001 s120419
005 20260227102017.0
022 |a 0341-4418 
022 |a 2195-1365 
041 0 |a ger 
044 |a DE 
245 1 0 |a Manager Magazin  |b Wirtschaft aus erster Hand 
264 1 |a Hamburg  |b Verlagsgesellschaft 
520 |a Obchodno-ekonomické témy a exkluzívne informácie z pohľadu manažérov, ekonómov a riadiacich pracovníkov. 
610 2 0 |a manažment 
610 2 0 |a manažéri 
610 2 0 |a podnikanie 
610 2 0 |a ekonómia 
610 2 0 |a obchod 
610 2 0 |a riadenie